000 01161nam a2200289 i 4500
001 768714001
003 CO-MdFUSB
005 20240618062721.0
008 200723t2000 ec |||| |||| 00| 0 spa d
020 _q[No incluye ISBN]
040 _aCO-MdFUSB
_bspa
_cCO-MdFUSB
_dCO-MdFUSBC
_erda
041 _aspa
090 _aAV 0126
245 1 _aUnidad y misión en América Latina
_b: documentos de reflexión para la consulta de Misión y la Cuarta Asamblea del CLAI
_c/ compilado por Victor Rey
264 1 _aQuito, Ecuador :
_bConsejo Latinoamericano de Iglesias,
_c[2000]
264 4 _c©2000
300 _a38 páginas
_c; 17 cm
336 _2rdacontent
_atexto
_btxt
337 _2rdamedia
_asin mediación
_bn
338 _2rdacarrier
_avolumen
_bnc
490 _aSerie teología en el camino
505 _aPresentación -- Introducción -- Unidad y misión: una invitación del Señor -- Misión y Unidad: Una historia de encuentros y desencuentros -- Misión y unidad en el movimiento pentescostal -- Apéndice: ecumenismo, ecumeneudad y testimonio
650 0 _aMisiones
_9154
650 0 _91146
_a Ecumenismo
942 _cAV
945 _aJTF-925
999 _c66551
_d66551